000
00248nam a2200109Ia 4500
008
190216s9999||||xx |||||||||||||| ||und||
100
_a
Kaur H
245
0
_a
World Political May
260
_b
Oriental Watchman Pub
650
_a
History
942
_c
BK
999
_c
20365
_d
20365